| 000 | 00521nam a22001577a 4500 | ||
|---|---|---|---|
| 020 | _qHard Cover. | ||
| 082 | _a004 | ||
| 100 | _aAttia Nafees ul Haq. | ||
| 245 |
_aPure Mental State Detection using Electroencephalogram (EEG) / _cNafees ul Haq, Attia |
||
| 260 |
_aIslamabad: _bRCMS-NUST, _c2021. |
||
| 300 |
_a51 p. : _bill. ; _c30cm. |
||
| 650 |
_aMS-Computational Science and Engineering . _981456 |
||
| 700 |
_aDr. Shahzad Rasool _981449 |
||
| 942 |
_2ddc _cTHE |
||
| 999 |
_c586236 _d586236 |
||